000 00420nam a2200193Ia 4500
001 11923
003 GE_BSU
008 181216s||||||||xx |||||||||||||| ||und||
040 _cGE_BSU
080 _a821.111-32
100 _aCookson,Catherine.
245 4 _aThe Mallen Streak
260 _aNew York
260 _bCorgi Books.
260 _c1973.
300 _a252p;18cm.
653 _aThe Mallen Streak
942 _cBK
999 _c45100
_d45100